| 000 | 01043nam a22003137a 4500 | ||
|---|---|---|---|
| 003 | CHAP | ||
| 005 | 20220817042739.0 | ||
| 008 | 971013s1965 r 00010 d | ||
| 010 | _a54267 | ||
| 011 | _a55239 | ||
| 035 | _a59391 | ||
| 040 | _cCHAP | ||
| 090 | _aFolleto 2036 | ||
| 100 | 0 | 0 |
_aWilm, Harold Gridley. _9122163 |
| 245 |
_aPatterns for action _b: water and recreation resources |
||
| 260 |
_aBerkeley : _bUniversity of California. School of Forestry, _c1965 |
||
| 300 | _a33 p. | ||
| 490 |
_aThe Horace M. Albright Conservation lectureship _v; 5 |
||
| 590 |
_aBATCH-UPD _b10 _c20130110 _lUCH01 _h1949 |
||
| 590 |
_aBATCH-UPD _b10 _c20130410 _lUCH01 _h1311 |
||
| 590 |
_aBATCH-UPD _b10 _c20130914 _lUCH01 _h1956 |
||
| 590 |
_aCONVERSION _b10 _c20130109 _lUCH01 _h1329 |
||
| 650 | 1 | 4 |
_aAgua _xConservacion. _92319 |
| 650 | 1 | 4 |
_aRecursos naturales _xConservación. |
| 830 | 0 |
_aThe Horace M. Albright Conservation lectureship _v; 5 _9112662 |
|
| 901 | _aBK | ||
| 942 | _cFOLL | ||
| 949 |
_aFolleto 2036 _bBC _cFOLL _d-128393 _eTS1 _i59391 _si |
||
| 999 |
_c54267 _d54267 |
||